Countries within 500km of Ethiopia - Statistics

General Stats
  • This quiz has been taken 25 times
  • The average score is 9 of 9
Answers on the Map
Answers color-coded by a green-red scale on the quiz's map according to % correct below.
 
Answer Stats
Answer % Correct
Eritrea
100%
Kenya
100%
Sudan
100%
Uganda
100%
Djibouti
96%
Somalia
96%
South Sudan
96%
Saudi Arabia
91%
Yemen
91%
No matching quizzes found
Score Distribution
Percent of People with Each Score
Percentile by Number Answered
Your Score History
You have not taken this quiz